000 01044nam0a22002411 4500
001 rc\3323239
005 20260407094323.0
035 _a(NLR Aleph) 007421073
090 _a6916137
_c6916137
100 _a20130115d1974 |||y0rusy50 ca
101 0 _arus
102 _aRU
105 _ay z |||||
200 1 _aТезисы докладов итоговой научной конференции ВНО факультета за 1973 год
_fВоен. фак. физ. культуры и спорта при ГДО ФК им. П.Ф. Лесгафта
210 _aЛенинград
_cБ. и.
_d1974
215 _a42 с.
_d20
333 _aДля внутривед. продажи
710 0 2 _aИнститут физической культуры им. П. Ф. Лесгафта
_cЛенинград
_bВоенный факультет физической культуры и спорта
_3RU\NLR\AUTH\889918637
_9333389
801 0 _aRU
_bNLR
_gpsbo
801 1 _aRU
_bELAR
_2rusmarc
852 _aNLR
_j74-50к/4823
942 _cBOOK
980 _aNB